00343nam a22001217a 4500020001800000040000900018082001900027100001900046245005000065250001800115260003800133650005000171 a9789332518537 cNUST a621.31042bWIL aTheodore Wildi aElectrical Machines, Drives and Power Systems aSixth Edition aIndia:bPearson Education,c2018. aElectrical Machines, Drives and Power Systems